000 00257nam a2200121Ia 4500
100 _a#N/A
942 _cBK
245 _aNeural Network Design Demonstation Disk for use with MATLAB
260 _b#N/A
082 _b21992
546 _aENGLISH
999 _c20488
_d20488